000 00899nam a2200253Ia 4500
001 3125
003 GE_BSU
008 181216s||||||||xx |||||||||||||| ||und||
020 _a5222001342
040 _cGE_BSU
080 _a330.1
100 _aАВТ колл.: Г. Пайда, О, Мамедов,Ж.Адилова О Германова.
245 _aАрхитектор макроэкономики: Джон Мейнард Кейнс и его макроэкономическая теория.
245 _bБиблиотека экономических спецкурсов.
260 _aРостов-На-Дону
260 _bФеникс
260 _c2007
300 _a256 ст. 20см.
541 _h3 Л. 60 Т.
653 _aАрхитектор макроэкономики
653 _aЭкономика
653 _aეკონომიკა
942 _cBK
999 _c37169
_d37169